| 000 | 00468nam a2200205Ia 4500 | ||
|---|---|---|---|
| 003 | OSt | ||
| 005 | 20250627140806.0 | ||
| 008 | 210719s1997 xx 000 0 und d | ||
| 040 | _cAL | ||
| 041 | _aeng | ||
| 082 | _a330 SETP | ||
| 100 |
_aSeth M L _9216270 |
||
| 245 | _aPrinciples of economics | ||
| 250 | _a32 | ||
| 260 |
_aAgra _bLakshmi Narain Agarwal _c1997 |
||
| 300 |
_a711 _bPB |
||
| 365 |
_b175 _cRs |
||
| 650 |
_aEconomics _9216271 |
||
| 942 |
_2ddc _cBK |
||
| 999 |
_c214621 _d214621 |
||